Geography Quiz

Random Geography or City Quiz

Danube River cities Quiz Stats

 Plays Quiz not verified by Sporcle

Score 0/80 Timer 20:00
0 Plays Today
CIty % Correct
Budapest
81.2%
Vienna
78%
Bratislava
72.3%
Belgrade
67.5%
Linz
53.9%
Ulm
40.3%
Regensburg
36.1%
Passau
36.1%
Novi Sad
35.1%
Győr
31.9%
Donaueschingen
28.8%
Ingolstadt
27.2%
Baja
26.7%
Neu-Ulm
26.2%
Komárno
26.2%
Krems
25.1%
Vukovar
25.1%
Sigmaringen
24.6%
Tuttlingen
24.1%
Rousse
23%
Donauwörth
20.9%
Lom
20.9%
Ehingen
20.4%
Stúrovo
20.4%
Ilok
20.4%
Tulcea
20.4%
Vidin
20.4%
Izmail
20.4%
Riedlingen
19.9%
Straubing
19.4%
Neuburg an der Donau
18.8%
Deggendorf
18.8%
Reni
18.3%
Kelheim
17.8%
Sulina
17.8%
Munderkingen
17.3%
Vylkove
16.8%
Esztergom
16.2%
Kiliya
16.2%
Günzburg
15.7%
CIty % Correct
Vác
15.7%
Smederevo
15.2%
Oryahovo
14.7%
Nikopol
14.7%
Belene
14.1%
Svishtov
14.1%
Silistra
14.1%
Apatin
13.6%
Bačka Palanka
13.6%
Kozloduy
12.6%
Galaţi
12%
Donji Milanovac
11.5%
Kladovo
11.5%
Tutrakan
11.5%
Komárom
11%
Szentendre
9.9%
Visegrád
7.9%
Brăila
7.3%
Dunaújváros
6.8%
Mohács
5.2%
Drobeta-Turnu Severin
5.2%
Százhalombatta
4.7%
Ráckeve
4.7%
Orşova
4.7%
Paks
3.7%
Turnu Măgurele
3.7%
Călăraşi
3.7%
Giurgiu
3.1%
Cernavodă
2.6%
Kalocsa
2.1%
Calafat
2.1%
Corabia
2.1%
Hârşova
2.1%
Moldova Nouă
1.6%
Bechet
1%
Zimnicea
1%
Feteşti
1%
Isaccea
1%
Dăbuleni
0%
Olteniţa
0%

You're not logged in!

Compare scores with friends on all Sporcle quizzes.
OR
Log In

Sporcle TV

Today on Sporcle TV


Watch our educational content, quiz creation guides, and fun videos on Sporcle TV.

Show Comments

Extras

Top Quizzes Today


Score Distribution

Your Account Isn't Verified!

In order to create a playlist on Sporcle, you need to verify the email address you used during registration. Go to your Sporcle Settings to finish the process.

Report this User

Report this user for behavior that violates our Community Guidelines.

Details: